| 000 | 00619nam a2200229 a 4500 | ||
|---|---|---|---|
| 005 | 20140311163040.0 | ||
| 008 | 111118s19uu xx 00 eng d | ||
| 050 |
_aT 385 _b.C932 2011 |
||
| 100 | _aCrisostomo, Conchita Camba | ||
| 245 |
_aWindows presentation graphics / _cConchita Camba Crisostomo. |
||
| 250 | _a6th ed. | ||
| 260 |
_aLas Pinas City : _b3K Educational services, _c2011. |
||
| 300 |
_a150 p. : _bill. ; _c23 cm. |
||
| 521 | _aIT | ||
| 650 | _aComputer graphics | ||
| 942 |
_cBK _2lcc _kLOC |
||
| 999 |
_c39740 _d39740 |
||